Statistics for Island Countries with Exceptions

Click here to take the quiz!

General Stats

  • This quiz has been taken 176 times
  • The average score is 20 of 21

Answer Stats

AreaCountry% Correct
377,930Japan
99%
587,041Madagascar
99%
316Malta
99%
103,000Iceland
98%
1,904,569Indonesia
98%
70,273Ireland
98%
342,353Philippines
98%
65,610Sri Lanka
98%
242,900United Kingdom
98%
452Seychelles
96%
9,251Cyprus
95%
36,193Taiwan
95%
4,033Cape Verde
94%
965Sao Tome and Principe
94%
2,040Mauritius
93%
300Maldives
92%
1,862Comoros
91%
5,765Brunei
86%
14,874East Timor
86%
710Singapore
85%
765Bahrain
79%

Score Distribution

Percentile by Number Answered

Percent of People with Each Score

Your Score History

You have not taken this quiz